Présidents des États-Unis dans l'ordre chronologique - Statistiques

Statistiques générales
  • Ce quiz a été pris 397 fois
  • Le résultat moyen est 27 sur 46
Statistiques - réponses
Présidence Président % Correct
1789 - 1797 George Washington
95%
2021 - Joe Biden
88%
2017 - 2021 Donald Trump
87%
2009 - 2017 Barack Obama
86%
2001 - 2009 George W. Bush
85%
1989 - 1993 George H. W. Bush
82%
1993 - 2001 Bill Clinton
80%
1961 - 1963 John Fitzgerald Kennedy
78%
1981 - 1989 Ronald Reagan
78%
1933 - 1945 Franklin Delano Roosevelt
76%
1969 - 1974 Richard Nixon
76%
1801 - 1809 Thomas Jefferson
74%
1945 - 1953 Harry S. Truman
73%
1797 - 1801 John Adams
71%
1953 - 1961 Dwight D. Eisenhower
70%
1977 - 1981 Jimmy Carter
69%
1974 - 1977 Gerald Ford
68%
1861 - 1865 Abraham Lincoln
66%
1963 - 1969 Lyndon B. Johnson
66%
1913 - 1921 Woodrow Wilson
63%
1809 - 1817 James Madison
61%
1817 - 1825 James Monroe
61%
1901 - 1909 Theodore Roosevelt
60%
1929 - 1933 Herbert Hoover
55%
1825 - 1829 John Quincy Adams
51%
1829 - 1837 Andrew Jackson
50%
1837 - 1841 Martin Van Buren
50%
1869 - 1877 Ulysse S. Grant
50%
1923 - 1929 Calvin Coolidge
49%
1881 James A. Garfield
46%
1909 - 1913 William H. Taft
45%
1897 - 1901 William McKinley
45%
1865 - 1869 Andrew Johnson
44%
1885 - 1889 Grover Cleveland
44%
1845 - 1849 James K. Polk
44%
1893 - 1897 Grover Cleveland
43%
1877 - 1881 Rutherford B. Hayes
43%
1857 - 1861 James Buchanan
42%
1921 - 1923 Warren G. Harding
42%
1849 - 1850 Zachary Taylor
42%
1841 - 1845 John Tyler
41%
1841 William Henry Harrison
41%
1881 - 1885 Chester A. Arthur
40%
1889 - 1893 Benjamin Harrison
39%
1853 - 1857 Franklin Pierce
39%
1850 - 1853 Millard Fillmore
39%
Aucun quiz correspondant
Distribution des résultats
% des personnes avec chaque résultat
Percentile par nombre de réponses
Votre historique - résultats
Vous n’avez pas pris ce quiz